000
00256nam a2200097Ia 4500
001
691204
005
20250826161830.0
008
250824s9999 xx 000 0 und d
245
0
_a
USTA BİR ŞİFACININ KADİM SIRLARI
_c
ESİN AKAN
260
_b
DESTEK YAYINLARI
999
_c
691204
_d
691204